000 00651mam a2200193 a 4500
082 _a658.477
_bDIS
_cM-38 ,P-107
100 _aGustavo Whiches and inter works
_936321
245 0 0 _aDisasters and the environment
_bDisaster management training programme
_cGustavo Whiches and inter works
250 _a2 nd ed.
260 _bUNDP.
_c1995
300 _a63 p. ;
_c28 cm.
526 _a0
_b0
_c0
_d658_477000000000000_DIS
526 _a0
_b0
_c0
_d658_477000000000000_DIS
650 0 _aDisaster relief.
_91775
650 0 _aEmergency management.
_bMCE
_936322
650 0 _aNatural disasters
_xPlanning.
_936323
710 2 _aUNDP.
_936324
942 _2ddc
_cBK
999 _c541445
_d541445